Top 10 Least White U.S. States - Statistics

General Stats
  • This quiz has been taken 48,167 times
    10,834 since last reset
  • The average score is 7 of 10
Answer Stats
% State % Correct
56.5 California
88%
62.5 New York
86%
57.5 Georgia
81%
59.9 Mississippi
77%
63.5 Louisiana
72%
43.9 Hawaii
69%
62.9 New Jersey
58%
54.6 Maryland
50%
63.8 Nevada
47%
66.2 Delaware
34%
No matching quizzes found
Score Distribution
Percent of People with Each Score
Percentile by Number Answered
Your Score History
You have not taken this quiz since the last reset